| 000 | 00497cam a2200145 a 4500 | ||
|---|---|---|---|
| 082 |
_a958.5 _bRUH _cDonation |
||
| 100 | 1 |
_aTu̇rkmenbashy, Saparmyrat, _946527 |
|
| 245 | 1 | 0 |
_aRuhnama / _cSaparmyrat Türkmenbaşy. |
| 260 |
_aAşgabat : _bTürkmen döwlet neşirýat gullugy, _c2001. |
||
| 300 |
_a406 p., [1] folded leaf : _bill. (some col.) ; _c25 cm. |
||
| 500 | _aLC copy: last 6 lines of p. 83 incomplete. | ||
| 526 |
_a0 _b0 _c0 _d958_500000000000000_RUH |
||
| 650 |
_aMCE _9379 |
||
| 942 |
_2ddc _cBK |
||
| 999 |
_c549841 _d549841 |
||